01091nam a2200289Ia 450000500170000000800270001702000150004408200190005910000350007824501330011325000170024630000630026349000230032650000330034960000650038265000090044765100410045665100640049770000430056194200120060426400470061633600270066333700330069033800280072304000350075199900150078620220317000302.0141031s9999 ck 000 0 spa d a958655965304a986.1062bH25m1 aHenderson, James David,d1942-13aLa modernización en Colombiablos años de Laureano Gómez 1889-1965 cJames D. Henderson ; traducción Magdalena Holguín a1a edición axx, 683 páginasbilustraciones en blanco y negroc24 cm. aColección Clío aIncluye índice analítico1 aGómez, Laureano,d1889-1965qPensamiento político911754142LEMB14aColombiaxHistoriay1889-196591351114aColombiaxPolítica y gobiernoxHistoriay1889-19659135121 aHolguín, Magdalenaetraductor911760 2ddccBK aMedellínbUniversidad de Antioquiac2006 atextobtxt2rdacontent asin mediaciónbn2rdamedia avolumenbnc2rdacarrier aCO-BoRNBPbspaerdacCO-BoRNBP c3618d3618